<?xml version="1.0" encoding="UTF-8"?>
<collection xmlns="http://www.loc.gov/MARC21/slim">
    <record>
        <controlfield tag="001">87656</controlfield>
        <controlfield tag="005">20200204153809.0</controlfield>
        <datafield tag="024" ind1="8" ind2=" ">
            <subfield code="2">sideral</subfield>
            <subfield code="a">115469</subfield>
        </datafield>
        <datafield tag="037" ind1=" " ind2=" ">
            <subfield code="a">ART-2019-115469</subfield>
        </datafield>
        <datafield tag="041" ind1=" " ind2=" ">
            <subfield code="a">spa</subfield>
        </datafield>
        <datafield tag="100" ind1=" " ind2=" ">
            <subfield code="0">(orcid)0000-0001-7723-2238</subfield>
            <subfield code="a">Tarifa Castilla, María Josefa</subfield>
            <subfield code="u">Universidad de Zaragoza</subfield>
        </datafield>
        <datafield tag="245" ind1=" " ind2=" ">
            <subfield code="a">La torre campanario barroca de la iglesia parroquial de Cascante y la participación del arquitecto fray José Alberto Pina</subfield>
        </datafield>
        <datafield tag="260" ind1=" " ind2=" ">
            <subfield code="c">2019</subfield>
        </datafield>
        <datafield tag="506" ind1="0" ind2=" ">
            <subfield code="a">Access copy available to the general public</subfield>
            <subfield code="f">Unrestricted</subfield>
        </datafield>
        <datafield tag="520" ind1="3" ind2=" ">
            <subfield code="a">La torre de la iglesia parroquial de Nuestra Señora de la Asunción de Cascante, construida a mediados del siglo XVI, fue reedificada en el Setecientos a consecuencia del estado de deterioro que presentaba. La obra fue contratada en junio de 1730 por el cantero Juan de Estanga con el condicionado y traza facilitados por los promotores, al que se añadieron medio año después otras capítulas redactadas por los maestros de obras fray Bernardo de San José y Juan Antonio Marzal. En abril de 1733 la fábrica fue supervisada por fray José Alberto Pina y Juan Antonio Marzal
y Agramonte, quienes proporcionaron un nuevo acuerdo y diseño para levantar el campanario con mayor solidez y belleza, refejo del conocimiento que Pina tenía de los tratados de teoría artística, como el de fray Lorenzo de San Nicolás o Andrea Pozzo. Estanga traspasó la ejecución del campanario de ladrillo al albañil José Tiraco en mayo de 1733, cuya labor fue supervisada en mayo de 1738 por fray José Alberto Pina, concluyendo la edifcación de la torre en 1740.</subfield>
        </datafield>
        <datafield tag="540" ind1=" " ind2=" ">
            <subfield code="9">info:eu-repo/semantics/openAccess</subfield>
            <subfield code="a">by-nc-nd</subfield>
            <subfield code="u">http://creativecommons.org/licenses/by-nc-nd/3.0/es/</subfield>
        </datafield>
        <datafield tag="655" ind1=" " ind2="4">
            <subfield code="a">info:eu-repo/semantics/article</subfield>
            <subfield code="v">info:eu-repo/semantics/publishedVersion</subfield>
        </datafield>
        <datafield tag="710" ind1="2" ind2=" ">
            <subfield code="1">3007</subfield>
            <subfield code="2">465</subfield>
            <subfield code="a">Universidad de Zaragoza</subfield>
            <subfield code="b">Dpto. Historia del Arte</subfield>
            <subfield code="c">Área Historia del Arte</subfield>
        </datafield>
        <datafield tag="773" ind1=" " ind2=" ">
            <subfield code="g">27 (2019), 83-123</subfield>
            <subfield code="p">Rev. Cent. Estud. Merind. Tudela</subfield>
            <subfield code="t">Revista del Centro de Estudios Merindad de Tudela</subfield>
            <subfield code="x">1131-9577</subfield>
        </datafield>
        <datafield tag="856" ind1="4" ind2="1">
            <subfield code="u">https://sites.google.com/site/centroestudiosmerindadtudela/nuestra-revista</subfield>
            <subfield code="z">Texto completo de la revista</subfield>
        </datafield>
        <datafield tag="856" ind1="4" ind2=" ">
            <subfield code="s">2091274</subfield>
            <subfield code="u">http://zaguan.unizar.es/record/87656/files/texto_completo.pdf</subfield>
            <subfield code="y">Versión publicada</subfield>
        </datafield>
        <datafield tag="856" ind1="4" ind2=" ">
            <subfield code="s">83113</subfield>
            <subfield code="u">http://zaguan.unizar.es/record/87656/files/texto_completo.jpg?subformat=icon</subfield>
            <subfield code="x">icon</subfield>
            <subfield code="y">Versión publicada</subfield>
        </datafield>
        <datafield tag="909" ind1="C" ind2="O">
            <subfield code="o">oai:zaguan.unizar.es:87656</subfield>
            <subfield code="p">articulos</subfield>
            <subfield code="p">driver</subfield>
        </datafield>
        <datafield tag="951" ind1=" " ind2=" ">
            <subfield code="a">2020-02-04-10:23:27</subfield>
        </datafield>
        <datafield tag="980" ind1=" " ind2=" ">
            <subfield code="a">ARTICLE</subfield>
        </datafield>
    </record>

    
</collection>